Finish the Lyrics - 90s Songs - Statistics

General Stats
  • This quiz has been taken 429 times
  • The average score is 5 of 20
Answer Stats
Hint Answer % Correct
WANNABE by Spice Girls: I'll tell you what I want, what I really, really want
So tell me what you want, what you really, really want I wanna, (ha) I wanna, (ha) I wanna, (ha) I wanna, (ha) I wanna really, really, really wanna _______ ah
zigazig
50%
EVERYBODY (BACKSTREET’S BACK) by Backstreet Boys: Am I ________? Yeah Am I the only one? Yeah Am I sexual? Yeah Am I everything you need? original
46%
GOOD VIBRATIONS by Marky Mark and the Funky Bunch featuring Loleatta Holloway:It's such a good vibration
It's such a sweet _________ It's such a good vibration It's such a sweet _________
sensation
46%
YOU’RE STILL THE ONE by Shania Twain:You're still the one that I love The only one I _____ of You're still the one I kiss goodnight dream
45%
ALL STAR by Smash Mouth:So much to do, so much to see So what's wrong with taking the ____ ______? You'll never know if you don't go You'll never shine if you don't glow back streets
43%
IRONIC by Alanis Morissette:It's like rain on your wedding day It's a free ride when you've already paid It's the good advice that you just didn't take And who would've thought... it _______ figures
37%
SMELLS LIKE TEEN SPIRIT by Nirvana:Load up on guns, bring your friends It's fun to lose and to pretend She's over-bored and ____-_______ Oh no, I know a dirty word self-assured
33%
UNDER THE BRIDGE by Red Hot Chili Peppers:I drive on her streets 'cause she's my _________ I walk through her hills 'cause she knows who I am She sees my good deeds and she kisses me windy Well, I never worry, now that is a lie companion
30%
CAN YOU FEEL THE LOVE TONIGHT by Elton John:And can you feel the love tonight?
How it's laid to rest It's enough to make kings and _________ Believe the very best
vagabonds
26%
I WILL ALWAYS LOVE YOU by Whitney Houston:___________ memories That is all I'm taking with me So goodbye, please don't cry We both know I'm not what you, you need Bittersweet
25%
LIVIN’ LA VIDA LOCA by Ricky Martin:
She's into new sensations New kicks in the ___________ She's got a new addiction For every day and night
candlelight
22%
THE SIGN by Ace of Base:I saw the sign And it opened up my eyes, I saw the sign Life is _________ without understanding demanding
22%
POISON by Bell Biv DeVoe:Schemin' on hots my end the pro show The low pro hot should be cut like an ____ See what you're sayin' huh afro
16%
WATERFALLS by TLC:A lonely mother gazin' out of the window Staring at her son that she just can't touch If at any time he's in a ___, she'll be by his side But he doesn't realize he hurts her so much jam
14%
MO MONEY MO PROBLEMS by The Notorious B.I.G. featuring Puff Daddy and Mase I don't know what they want from me It's like the more money we ____ ______ The more problems we see come across
11%
GIVE ME ONE REASON by Tracy Chapman:
Said I don't want leave you ______ You got to make me change my mind Baby just give me one reason Oh give me just one reason why
lonely
11%
RUN-AROUND by Blues Traveler:But you Why you wanna give me a run-around? Is it a ________ way to speed things up? When all it does is slow me down surefire
11%
GONNA MAKE YOU SWEAT (EVERYBODY DANCE NOW) by C+C Music Factory:Here is the dome, back with the bass The jam is live in effect and I don't waste time On the mic with a ____ rhyme Jump to the rhythm, jump, jump to the rhythm, jump dope
10%
VOGUE by Madonna:All you need is your own imagination
So use it, that's what it's for (that's what it's for) Go inside for your finest ___________ Your dreams will open the door (open up the door)
inspiration
6%
WHOOMP! (THERE IT IS) by Tag Team:Says there's a party over here, a party over there Wave your hands in the air, shake the derriere These three words mean you're gettin' busy Whoomp, there it is! ___ __! Hit me
4%
No matching quizzes found
Score Distribution
Percent of People with Each Score
Percentile by Number Answered
Your Score History
You have not taken this quiz